000 01305nam a2200313 i 4500
001 190620
003 ES-MaACL
005 20250804063446.0
008 220223s2015 sp a s001 0dspa
020 _a978-84-9091-037-5
080 _a356.3:61(460)(091)
080 _a929(460):61
080 _a94(966.3)(091)
100 1 _aBelaústegui Fernández, Alejandro,
_d1935-
_eaut
_927126
245 1 0 _aSanitarios militares en las islas Marianas, 1521-1898 /
_cAlejandro Belaústegui Fernández
260 _a[Madrid] :
_bMinisterio de Defensa, Secretaría General Técnica,
_c2015
300 _a161 páginas :
_bilustraciones (blanco y negro y color), mapas ;
_c24 cm
490 1 _aLa lucha contra el olvido ;
_v10
_9189172
504 _aBibliografía: páginas [155]-157.
650 4 _aSanidad militar-
_zEspaña-
_vHistoria
_916984
650 7 _aMédicos-
_zEspaña-
_vBiografías
_9144463
651 7 _aMarianas (Islas)-
_xHistoria
_9174193
710 1 _aEspaña.
_bMinisterio de Defensa.
_bSecretaría General Técnica
_eedt
_9238621
830 3 _aLa lucha contra el olvido ;
_v10
_9189172
852 4 _aES-MaACL
_bR.153147
_cDEPO1
_dOlim: N-7883
_hDonación Ministerio de Defensa
_jA-14883
_9197799
942 _2udc
_cMONOGRAFIA
_n0
999 _c190620
_d190620